Statistieken voor Limburg Trivia Quiz

Klik hier om de quiz te nemen!

Algemene statistieken

  • Deze quiz is 625 keer genomen
  • De gemiddelde score is 10 van 20

Antwoordstatistieken

HintAntwoord% Correct
Aangrenzende provinciesNoord-Brabant
99%
Rivier die het noordelijke deel van de grens met bovenstaande provincie vormtMaas
98%
HoofdstadMaastricht
97%
Aangrenzende provinciesGelderland
93%
Naam van het punt op deze berg waar de grenzen van Nederland, België en Duitsland samenkomen.Drielandenpunt
92%
Dialect dat in grote delen van zuidelijk Limburg gesproken wordtLimburgs
81%
Waar voetbalclub Roda JC vandaan komtKerkrade
66%
Hoogste punt van Europees NederlandVaalserberg
62%
Wat er tot 1973 in Staatsmijnen in Limburg uit de grond werd gehaaldSteenkool
56%
Gesteente dat in Zuid-Limburg werd ontgonnen, waardoor veel grotten zijn ontstaanMergel
45%
Doordat deze mijnen nu weer volstromen met water is zuidelijk Limburg het enige grote gebied in Nederland waar de grond ______ beweegtomhoog
31%
Berg waar dit fossiel is gevonden{Sint-Pieters}berg
27%
Zeedinosaurus waarvan een fossiel voor het eerst in de buurt van de hoofdstad is gevondenMosasaurus
21%
Het meest noordelijke dorp in de provincieMolenhoek
20%
Kanaal wat zich bij dit dorp van de grensrivier afsplitst{Maas-Waal}kanaal
17%
Slag in de Tachtigjarige Oorlog in 1574 die vlakbij dit dorp plaatsvondSlag op de {Mookerheide}
17%
Broers van Willem van Oranje die bij deze slag sneuvelden{Hendrik} van Nassau
15%
Broers van Willem van Oranje die bij deze slag sneuvelden{Lodewijk} van Nassau
12%
Geologische breuklijn dwars door Limburg die de noordgrens van dit bewegingsgebied vormt{Peelrand}breuk
10%
Geologische tijdsperiode waarin deze dinosaurus leefde (hint: vernoemd naar een plaats in Limburg)Maastrichtien
9%

Scoreverdeling

Percentiel versus Aantal Correcte Antwoorden

Procent van Mensen met Elke Score

Uw Scoregeschiedenis

U heeft deze quiz nog niet genomen